<?xml version="1.0" encoding="UTF-8"?>
<resp>
  <nextPage>https://data.bn.org.pl/api/networks/bibs.marcxml?marc=001+b00001150003869&amp;sinceId=1150003870</nextPage>
  <collection>
    <record xmlns='http://www.loc.gov/MARC21/slim'><leader>01152namZa2200361ZiZ4500</leader><controlfield tag='001'>b00001150003869</controlfield><controlfield tag='005'>20250805061043.4</controlfield><controlfield tag='008'>230609s        pl           |000 0 pol c</controlfield><controlfield tag='009'>9913262047205606</controlfield><datafield ind1=' ' ind2=' ' tag='020'><subfield code='a'>8371575041</subfield></datafield><datafield ind1=' ' ind2=' ' tag='035'><subfield code='a'>KR_1KR_1_20120317235432044910-48omnis_kr</subfield></datafield><datafield ind1=' ' ind2=' ' tag='035'><subfield code='a'>KR_1_20120317235432044910</subfield><subfield code='9'>ExL</subfield></datafield><datafield ind1=' ' ind2=' ' tag='035'><subfield code='a'>(PL)b00001150003869</subfield></datafield><datafield ind1=' ' ind2=' ' tag='040'><subfield code='a'>KR_1</subfield><subfield code='c'>KR_1</subfield></datafield><datafield ind1='1' ind2=' ' tag='041'><subfield code='a'>pol</subfield><subfield code='h'>eng</subfield></datafield><datafield ind1='1' ind2=' ' tag='100'><subfield code='a'>Stone, Tom B.</subfield></datafield><datafield ind1='1' ind2='0' tag='245'><subfield code='a'>Zemsta ducha /</subfield><subfield code='c'>Tom B. Stone ; przeł. Tomasz Wilusz.</subfield></datafield><datafield ind1=' ' ind2=' ' tag='260'><subfield code='a'>Warszawa :</subfield><subfield code='b'>&quot;Da Capo&quot;,</subfield><subfield code='c'>cop. 1996.</subfield></datafield><datafield ind1=' ' ind2=' ' tag='300'><subfield code='a'>124 s. ;</subfield><subfield code='c'>19 cm.</subfield></datafield><datafield ind1='1' ind2=' ' tag='490'><subfield code='a'>Szkoła przy Cmentarzu</subfield></datafield><datafield ind1=' ' ind2=' ' tag='500'><subfield code='a'>d</subfield></datafield><datafield ind1=' ' ind2='9' tag='650'><subfield code='a'>Literatura młodzieżowa amerykańska</subfield></datafield><datafield ind1='1' ind2=' ' tag='700'><subfield code='a'>Wilusz, Tomasz</subfield><subfield code='e'>Tł.</subfield></datafield><datafield ind1=' ' ind2=' ' tag='852'><subfield code='b'>48OMNIS_NETWORK</subfield><subfield code='8'>9913262047205606</subfield></datafield><datafield ind1=' ' ind2=' ' tag='852'><subfield code='b'>48OMNIS_KBP</subfield><subfield code='8'>990004099460108412</subfield></datafield><datafield ind1=' ' ind2=' ' tag='852'><subfield code='b'>48OMNIS_KPS</subfield><subfield code='8'>990001392410208415</subfield></datafield><datafield ind1=' ' ind2=' ' tag='852'><subfield code='b'>48OMNIS_KR</subfield><subfield code='8'>991000038679708216</subfield></datafield><datafield ind1=' ' ind2=' ' tag='852'><subfield code='8'>22749727500008412</subfield><subfield code='j'>1</subfield><subfield code='b'>09</subfield><subfield code='p'>11709213</subfield><subfield code='c'>09WDZ</subfield></datafield><datafield ind1=' ' ind2=' ' tag='852'><subfield code='8'>22761783060008415</subfield><subfield code='j'>1</subfield><subfield code='b'>KP</subfield><subfield code='p'>000000175678</subfield><subfield code='c'>CN</subfield><subfield code='z'>N337763</subfield></datafield><datafield ind1=' ' ind2=' ' tag='920'><subfield code='a'>83-7157-504-1</subfield></datafield></record>
  </collection>
</resp>
